00378pab a2200121 454500008004000000100002000040245010400060260000900164300001000173362000800183650005100191773001400242180718b1985 xxu||||| |||| 00| 0 eng d aVenkatswamy, G. aExecutive succession and continuity of top executive in Andhra Pradesh state government enterprises c1985 a33-47 aMay aGovernment Enterprise - India - Andhra Pradesh aLok Udyog